000 00649nam a22002297a 4500
003 UA-OsUOA
001 74629
007 ta
008 20110414b un ||||| |||| 00| 0 ukr d
100 _aКудрин А.
700 _aСергиенко О.
090 _a330
_bК88
942 _cSA
040 _aUA-OsUOA
_brus
_cUA-OsUOA
_dUA-OsUOA
245 _aПоследствия кризиса и перспективы социально-экономического развития России
300 _aС.4-20
955 _a0
041 _arus
080 _a330
773 0 _w74628
650 7 _a330 Економіка взагалі
_2UDC
999 _c360921
_d360921